Normal view
MARC view
Entry Personal Name
001 - CONTROL NUMBER
- control field: 12490
003 - CONTROL NUMBER IDENTIFIER
- control field: ARRUPE
005 - DATE AND TIME OF LATEST TRANSACTION
- control field: 20141107133318.0
008 - FIXED-LENGTH DATA ELEMENTS
- fixed length control field: 141107|| aca||aabn | a|a d
040 ## - CATALOGING SOURCE
- Original cataloging agency: ARRUPE
- Transcribing agency: ARRUPE
100 ## - HEADING--PERSONAL NAME
- Personal name: Hummel, Jeffrey Rogers.
670 ## - SOURCE DATA FOUND
- Source citation: Work cat.: (ARRUPE)0: Hummel, Jeffrey Rogers., Emancipating slaves, enslaving free men :, c1996.